| 000 | 00753nam a22002177a 4500 | ||
|---|---|---|---|
| 008 | 130821s2001 xxua gr eng | ||
| 020 | _a0781730392 | ||
| 040 |
_aCo-BoUCM _bspa |
||
| 041 | 0 | 0 | _aeng |
| 060 | 1 | 0 |
_aWF 140 _25 |
| 100 | 1 | _aBartlett, John G. | |
| 245 | 1 | 0 |
_aManagement of respiratory tract infections _cJohn G. Bartlett |
| 246 | 3 | 0 | _aRespiratory tract infections |
| 250 | _a3a. ed. | ||
| 260 |
_aFiladelfia (Pensilvania, Estados Unidos) _bLippincott Williams & Wilkins _cc2001 |
||
| 300 |
_a277 páginas _btablas |
||
| 504 | _aIncluye referencias bibliográficas e índice. | ||
| 650 | 0 | 4 |
_aInfecciones del tracto respiratorio _917524 |
| 650 | 0 | 4 |
_aInfecciones respiratorias _917553 |
| 942 |
_cLIBRO _a15 _e3 _mB289M _2NLM _hWF 140 |
||
| 999 |
_c89837 _d89837 |
||